000 00933nam a2200229 i 4500
001 21564
003 ES-MaACL
005 20250826110120.0
007 t|
008 021126s1925 sp f |||| | spa d
100 1 _aKoetschau, C.
_968461
245 1 0 _aÁlbum de las galerías de pinturas de los museos alemanes
_b: (Kaiser-Friedrich-Museum, de Berlin, Galeria de Dresde, Pinacoteca Antigua de Munich) /
_cintroducción histórica y texto explicativo de C. Koetschau, A. Philippi y F. von Reber ; traducción del Dr. Domingo Miral y López...
260 _aBarcelona :
_bLabor,
_c1925.
300 _a60 lám. ;
_c22 cm.
610 2 4 _aAlte Pinakothek (Munich)
_9145232
650 4 _aMuseos de arte-
_zAlemania.
_9166980
700 1 _aReber, Franz von,
_d1834-1919
_995695
700 1 _aPhilippi, Adolf.
_9151815
700 1 _aMiral, Domingo,
_d1872-1942
_981480
852 _aES-MaACL
_jB-6511
999 _c21564
_d21564